• 首页
  • 本馆介绍
  • 公告通知
  • 最新文献
  • 馆藏检索
  • 电子资源
  • 读者导购
  • 参考咨询
  • 我的图书馆
  • 登录
  • 详细信息显示
  • 放入我的书架
  • 预约/预借图书
  • 作者相关作品
  • 分类相关作品
  • 丛书相关作品
  • 出版社相关作品

书目信息

  • 表格格式
  • 工作单格式
  • 卡片格式
题名:
学校教育心理学
    
 
作者: 万云英 主编
分册:  
出版信息: 北京   人民教育出版社  1991
页数: 493页
开本: 20cm
丛书名:
单 册:
中图分类: G44
科图分类: 38.14
主题词: 教育心理学--高等师范教育--教材
电子资源:
ISBN: 7-107-08109-8
000 00767nam0 2200253 45
001 0188001126
005 20070620111931.95
010    @a7-107-08109-8@dCNY6.00
020    @aCN@b88001126
100    @a19910410d1991 km y0chiy0120 ea
101 0  @achi
102    @aCN@b110000
105    @ay z 000yy
200 10 @a学校教育心理学@Axue xiao jiao yu xin li xue@f万云英主编@Fwan yun ying zhu bian
210    @a北京@c人民教育出版社@d1991@h1994
215    @a493页@d20cm
300    @a卫星电视教育·初中教师培训教材
540 1  @a学校教育心理学@Axue xiao jiao yu xin li xue
606    @a教育心理学@x高等师范教育@x教材
690    @aG44@v1980
692    @a38.14@v1974
701  0 @a万云英@Awan yun ying@4主编
801  0 @aCN@bTSSF@c20070620
905    @a10447@dG44@e146
    
    学校教育心理学/万云英主编.-北京:人民教育出版社,1991(1994)
    493页;20cm
    卫星电视教育·初中教师培训教材
    
    ISBN 7-107-08109-8:CNY6.00
    
●
相关链接 在E读中查询图书 在五车中查询图书 在当当中查询图书 在豆瓣中查询图书


正题名:学校教育心理学     索取号:G44/146         预约/预借

序号 登录号 条形码 馆藏地/架位号 状态 备注
1 0654026   206540260   第一样本阅览室/ [索取号:G44/146] 在馆    
唐山师范学院图书馆 欢迎您!
大连网信软件有限公司© 版权所有